000 00564nam a2200241 a 4500
001 nice12345678
003 IN_TiNIC
005 20260116013749.0
008 050524s1999 dela grp 000 0 eng
020 _a
_c100
082 0 0 _a303.623
_bDAB
100 _aDabhi, Ignatius
245 _aHills on Fire
260 _aDelhi
_bMedia House
_c1999
300 _a55p
500 _aincludes index and biblioraphy
505 2 _aBibliography
650 _aRiots-India-Gujrat
700 1 _aDabhi, Ignatius
902 _bSRS
942 _cBK
999 _c12372
_d12372